Maan (Record no. 1679315)

MARC details
000 -LEADER
fixed length control field 00790 a2200253 4500
005 - DATE AND TIME OF LATEST TRANSACTION
control field 20260317123606.0
008 - FIXED-LENGTH DATA ELEMENTS--GENERAL INFORMATION
fixed length control field 260317b |||||||| |||| 00| 0 eng d
020 ## - INTERNATIONAL STANDARD BOOK NUMBER
International Standard Book Number 9789366918433 (hbk)
037 ## - SOURCE OF ACQUISITION
Terms of availability TB
040 ## - CATALOGING SOURCE
Original cataloging agency CRL
Transcribing agency CRL
041 ## - LANGUAGE CODE
Source of code URD
Language code of text/sound track or separate title URD
084 ## - COLON CLASSIFICATION NUMBER
Classification number O142,3M68,MA 168R5
Item number CRL
100 ## - MAIN ENTRY--PERSONAL NAME
Personal name Gorkey, Maxim
9 (RLIN) 1115218
245 ## - TITLE STATEMENT
Title Maan
260 ## - PUBLICATION, DISTRIBUTION, ETC.
Place of publication, distribution, etc. Delhi, India:
Name of publisher, distributor, etc. Arshia Publications,
Date of publication, distribution, etc. 2025.
300 ## - PHYSICAL DESCRIPTION
Extent 472p.
365 ## - TRADE PRICE
Price amount 650.00
Currency code INR
546 ## - LANGUAGE NOTE
Language note Translated from Russian to Urdu
650 ## - SUBJECT ADDED ENTRY--TOPICAL TERM
Topical term or geographic name entry element Russian Literature
650 ## - SUBJECT ADDED ENTRY--TOPICAL TERM
Topical term or geographic name entry element Russian Fiction
700 ## - ADDED ENTRY--PERSONAL NAME
Personal name Ansari, Zoe
Relator term Translator
9 (RLIN) 1132311
942 ## - ADDED ENTRY ELEMENTS (KOHA)
Koha item type Textbook
Source of classification or shelving scheme Colon Classification (CC)
Classification part O142,3M68,MA 168R5
Holdings
Withdrawn status Lost status Source of classification or shelving scheme Damaged status Not for loan Home library Current library Date acquired Source of acquisition Cost, normal purchase price Inventory number Total Checkouts Full call number Barcode Date last seen Cost, replacement price Price effective from Koha item type
    Colon Classification (CC)     Central Library Central Library 2026-02-16 Nadwi Publications 520.00 2042 & 14.02.2026   O142,3M68,MA 168R5 CL1926031 2026-02-16 650.00 2026-02-16 Textbook
Copyright @ Delhi University Library System